000 00713nam a2200241Ia 4500
008 160803s9999 xx 000 0 und d
020 _a9780439810678
100 _aHarness, Cheryl
245 _aThomas Jefferson :
245 _ba picture book biography /
245 _cby James Cross Giblin ; illustrated by Michael Dooling.
260 _aNew York :
260 _bScholastic Inc.
260 _c2004
300 _a48 pages :
300 _bcolor illustrations ;
300 _c28 cm
500 _a"This updated edition includes the story of Sally Hemings."
650 _aJefferson, Thomas, -- 1743-1826.
650 _aPresidents -- United States --
650 _xBiography.
700 _a1030
999 _c299127
_d299127